Ultra wideband systems : technologies and applications /

Ultra wideband technology turns the radio spectrum available to wireless applications from a country road into a high-speed ten lane super freeway, and the destination is the future of wireless technology. UWB is a huge leap forward because it offers wide bandwidth with little interference, allowing...

Full description

Bibliographic Details
Other Authors: Ajello, R. (Roberto), Batra, Anuj
Format: eBook
Language:English
Published: Boston, Mass. ; London : Newnes, 2006.
Series:Communications engineering series.
Subjects:
Online Access:Connect to the full text of this electronic book
Publisher description

MARC

Tag First Indicator Second Indicator Subfields
LEADER 00000cam a2200000Ia 4500
001 in00002430121
005 20190327171623.0
006 m d
007 cr cn|||||||||
008 070806s2006 enk s 000 0 eng d
020 |a 9780750678933 
020 |a 0750678933 
035 |a (OCoLC)ocn162593711 
035 |a (OCoLC)162593711 
037 |a 110025:110073  |b Elsevier Science & Technology  |n http://www.sciencedirect.com 
040 |a OPELS  |c OPELS  |d UtOrBLW 
049 |a TEFA 
050 1 4 |a TK5103.4  |b .U42 2006eb 
082 0 4 |a 621.384  |2 22 
245 0 0 |a Ultra wideband systems :  |b technologies and applications /  |c edited by Roberto Aiello and Anuj Batra. 
264 1 |a Boston, Mass. ;  |a London :  |b Newnes,  |c 2006. 
300 |a xvi, 323 pages 
336 |a text  |b txt  |2 rdacontent 
337 |a computer  |b c  |2 rdamedia 
338 |a online resource  |b cr  |2 rdacarrier 
490 1 |a Communications engineering series 
533 |a Electronic reproduction.  |b Amsterdam :  |c Elsevier Science & Technology,  |d 2007.  |n Mode of access: World Wide Web.  |n System requirements: Web browser.  |n Title from title screen (viewed on Aug. 2, 2007).  |n Access may be restricted to users at subscribing institutions. 
520 |a Ultra wideband technology turns the radio spectrum available to wireless applications from a country road into a high-speed ten lane super freeway, and the destination is the future of wireless technology. UWB is a huge leap forward because it offers wide bandwidth with little interference, allowing multiple UWB signals to share a single channel. This multi-author volume, compiled under the guidance of Dr. Roberto Aiello, introduces the theory and concepts behind ultra wideband (UWB) systems as well as their applications. Authors include those involved in creating the UWB standards, researchers, and applications specialists. This book has been broken down into three parts: introduction to UWB, different techniques available, and applications. Within these sections topics covered are UWB spectrum and regulations, UWB channels, modulation techniques, antennas, signal propagation, and UWB transceiver architectures. This book has all the information RF/wireless engineers will need to understand this burgeoning technology. *An all-star list of contributors covers the subject more authoritatively than any single author could *Discusses U.S. and international ultra wideband regulations *Includes material on antenna systems and signal propagation at ultra wideband frequencies. 
505 0 |a Introduction; History of UWB Communication Systems; UWB Spectrum and Regulations; Interference and co-existence; UWB wireless channel; UWB antennas for commercial communication applications; Impulse Radio; Direct Sequence; Multi-band; Spectral Keying; OFDM; Transceivers Architecture; Industry Standards; Commercial Applications; Role of UWB in the Wireless Industry. 
504 |a Includes bibliographical references and index. 
500 |a Electronic resource. 
650 0 |a Broadband communication systems. 
650 0 |a Ultra-wideband devices. 
650 0 |a Wireless communication systems. 
655 7 |a Electronic books.  |2 local 
700 1 |a Ajello, R.  |q (Roberto) 
700 1 |a Batra, Anuj. 
730 0 |a Referex. 
776 1 |c Original  |z 9780750678933  |z 0750678933  |w (DLC) 2006280494  |w (OCoLC)69732687 
856 4 0 |u http://proxy.library.tamu.edu/login?url=http://www.sciencedirect.com/science/book/9780750678933  |z Connect to the full text of this electronic book  |t 0 
856 4 2 |3 Publisher description  |u http://www.loc.gov/catdir/enhancements/fy0665/2006280494-d.html  |t 0 
830 0 |a Communications engineering series. 
994 |a C0  |b TEF 
999 |a MARS 
999 f f |s 495ca523-5870-304e-b9d9-84bb487b3ccd  |i e8f93b79-b72e-317f-9f75-7706ed29372b  |t 0 
952 f f |a Texas A&M University  |b College Station  |c Electronic Resources  |d Available Online  |t 0  |e TK5103.4 .U42 2006eb  |h Library of Congress classification 
998 f f |a TK5103.4 .U42 2006eb  |t 0  |l Available Online